MARC details
| 000 -LEADER |
| fixed length control field |
01020nam a22002417a 4500 |
| 005 - DATE AND TIME OF LATEST TRANSACTION |
| control field |
20240201093903.0 |
| 008 - FIXED-LENGTH DATA ELEMENTS--GENERAL INFORMATION |
| fixed length control field |
230622b |||||||| |||| 00| 0 eng d |
| 020 ## - INTERNATIONAL STANDARD BOOK NUMBER |
| International Standard Book Number |
9789211130409 |
| 040 ## - CATALOGING SOURCE |
| Original cataloging agency |
CBULib |
| Transcribing agency |
CBULib |
| 041 ## - LANGUAGE CODE |
| Language code of text/sound track or separate title |
eng |
| 099 ## - LOCAL FREE-TEXT CALL NUMBER (OCLC) |
| Classification number |
UNCTAD(02)2023/1 |
| 110 ## - MAIN ENTRY--CORPORATE NAME |
| Corporate name or jurisdiction name as entry element |
United Nations Conference on Trade and Development(UNCTAD) |
| 245 ## - TITLE STATEMENT |
| Title |
The utilization of trade preferences by COMESA member states : intra-regional trade and north south trade |
| Statement of responsibility, etc. |
/ by United Nations Conference on Trade and Development(UNCTAD) |
| 260 ## - PUBLICATION, DISTRIBUTION, ETC. |
| Place of publication, distribution, etc. |
Geneva |
| Name of publisher, distributor, etc. |
United Nations |
| Date of publication, distribution, etc. |
2023 |
| 300 ## - PHYSICAL DESCRIPTION |
| Extent |
ix, 82 pages : illustrations |
| 610 ## - SUBJECT ADDED ENTRY--CORPORATE NAME |
| Corporate name or jurisdiction name as entry element |
UNITED NATIONS CONFERENCE ON TRADE AND DEVELOPMENT(UNCTAD) |
| 650 ## - SUBJECT ADDED ENTRY--TOPICAL TERM |
| Topical term or geographic name entry element |
TARIFF PREFERENCES--AFRICA--STATISTICS |
| 650 ## - SUBJECT ADDED ENTRY--TOPICAL TERM |
| Topical term or geographic name entry element |
INTERREGIONALISM--AFRICA--STATISTICS |
| 650 ## - SUBJECT ADDED ENTRY--TOPICAL TERM |
| Topical term or geographic name entry element |
AFRICA--ECONOMIC INTEGRATION--STATISTICS |
| 710 ## - ADDED ENTRY--CORPORATE NAME |
| Corporate name or jurisdiction name as entry element |
Common Market for Eastern and Southern Africa(COMESA) |
| 856 ## - ELECTRONIC LOCATION AND ACCESS |
| Uniform Resource Identifier |
https://unctad.org/system/files/official-document/aldc2022d1_en.pdf |
| 942 ## - ADDED ENTRY ELEMENTS (KOHA) |
| Koha item type |
INTERNATIONAL PUBLICATIONS |
| 999 ## - |
| -- |
79378 |
| -- |
79378 |